| 000 | 00513nam a2200181Ia 4500 | ||
|---|---|---|---|
| 999 |
_c16468 _d16468 |
||
| 003 | OSt | ||
| 005 | 20200606115924.0 | ||
| 008 | 190216s9999||||xx |||||||||||||| ||und|| | ||
| 020 | _a8181650026 | ||
| 040 | _cMESKC library | ||
| 082 |
_a891.433 _bNAR/K |
||
| 100 |
_aNarang, Sudarshan _9372 |
||
| 245 | 0 |
_aKhel Khel Mein / _cSudarshan Narang |
|
| 260 |
_bNjan Vinjan Samasthan, _aHapund: _c2007. |
||
| 300 | _a133p | ||
| 650 | _aHindi | ||
| 942 |
_cBK _2ddc _h891.433 _iNAR/K _k891.433 _mNAR/K |
||